000 00181 a2200097 4500
020 _a013429903913
041 _aspa
100 _aDreams art
245 _aHansel y Gretel
942 _cK
999 _c27316
_d27316